000 00536nam a2200181Ia 4500
999 _c32621
_d32621
003 OSt
005 20201222102802.0
008 190216s9999||||xx |||||||||||||| ||und||
020 _a9788178795850
040 _coclc
082 _a613.071
_bSRI/E
100 _aSrivastava, A K
_95628
245 0 _aEncyclopaedia Of Health Education /
_cA K Srivastava
260 _bSports Publication,
_c2010.
_aNew Delhi:
300 _a393p
650 _aPhysical Education
942 _cREF
_2ddc
_h613.071
_iSRI/E
_k613.071
_mSRI/E